| 000 | 00498nam a2200145 4500 | ||
|---|---|---|---|
| 001 | 112028 | ||
| 003 | ES-MaACL | ||
| 007 | t| | ||
| 008 | 061121s1949 sp r ||||1| spa d | ||
| 100 | 1 |
_aNavarro Cándido, Alejandro. _985110 |
|
| 245 | 1 | 0 |
_aClasificación de los animales _b: claves dicotómicas para prácticas de zoología / _cpor Alejandro Navarro Cándido. |
| 260 |
_aMadrid : _bS.A.E.T.A., _c1949. |
||
| 300 |
_a317 p. Láms. I-XXVI : _bil ; _c24 cm. |
||
| 852 |
_aES-MaACL _jB-5279 _bR.26798 |
||
| 999 |
_c112028 _d112028 |
||